The 'Flood Tax' - is the Government out of its depth? (Record no. 70140)

MARC details
000 -LEADER
fixed length control field 01015cam a2200217 4500
001 - CONTROL NUMBER
control field ABS65381
008 - FIXED-LENGTH DATA ELEMENTS--GENERAL INFORMATION
fixed length control field 020501n2002 000 0 eng u
035 ## - SYSTEM CONTROL NUMBER
System control number (Sirsi) u117790
100 ## - MAIN ENTRY--PERSONAL NAME
Personal name Crichton, D
245 #4 - TITLE STATEMENT
Title The 'Flood Tax' - is the Government out of its depth?
260 ## - PUBLICATION, DISTRIBUTION, ETC.
Date of publication, distribution, etc. 2002
490 ## - SERIES STATEMENT
Series statement Town & Country Planning
Volume/sequential designation 72(3) March 2002, 66-68(3)
520 ## - SUMMARY, ETC.
Summary, etc. Looks at recent government proposals for funding flood defences for England and Wales. Explains that these need not create widespread insurance and blight problems in the future. Recommends how planners can learn from the experiences of Scotland, where more emphasis is placed on not building on recognised flood plains. Points out that plans for a Flood Tax, based on Environment Agency risk maps, are flawed.
590 ## - LOCAL NOTE (RLIN)
Local note ABS
650 ## - SUBJECT ADDED ENTRY--TOPICAL TERM
Topical term or geographic name entry element FLOODING
650 ## - SUBJECT ADDED ENTRY--TOPICAL TERM
Topical term or geographic name entry element INSURANCE CLAIMS
650 ## - SUBJECT ADDED ENTRY--TOPICAL TERM
Topical term or geographic name entry element INSURANCE PREMIUMS
650 ## - SUBJECT ADDED ENTRY--TOPICAL TERM
Topical term or geographic name entry element FLOOD MANAGEMENT
690 ## - LOCAL SUBJECT ADDED ENTRY--TOPICAL TERM (OCLC, RLIN)
Topical term or geographic name as entry element ENVIRONMENTAL AND LAND CONSULTANCY-ENVIRONMENTAL MANAGEMENT
942 ## - ADDED ENTRY ELEMENTS (KOHA)
Suppress in OPAC 0
Holdings
Withdrawn status Lost status Source of classification or shelving scheme Damaged status Not for loan Home library Current library Shelving location Date acquired Total Checkouts Full call number Barcode Date last seen Copy number Price effective from Koha item type
    Dewey Decimal Classification     London London Journal article 01/05/2002   ABS65381 117790-1001 06/08/2019 1 06/08/2019 Journal article